| 000 | 00361nam a2200145 i 4500 | ||
|---|---|---|---|
| 001 | bg | ||
| 100 | 1 | _aKARPOV, D. | |
| 245 | 0 |
_aJadernyj gamma : _brezonans i atomnyje stalkovenija / _cD. Karpov, J. Kosjak. |
|
| 260 |
_aAlma-Ata, _c1973. |
||
| 700 | 1 | _aKOSJAK, J. | |
| 040 | _cBPK | ||
| 041 | _apol | ||
| 942 | _cKS | ||
| 008 | s pl f |000 0 pol | ||
| 999 |
_c15731 _d15731 |
||
| 856 |
_uhttp://koha.tu.koszalin.pl/cgi-bin/koha/opac-detail.pl?biblionumber=15731 _yKatalog online BPK |
||